[Event "AUTO-OPEN-2307"]
[Site "http://www.queenalice.com/game.php?id=916021"]
[Date "2011.3.22"]
[Round "1"]
[White "karadeurso"]
[Black "maurice91"]
[Result "1-0"]
[WhiteElo "1694"]
[BlackElo "1825"]

1. e4 e5 2. Nf3 Nc6 3. Nc3 Bc5 4. Nxe5 Bxf2+ 5. Kxf2 Nxe5 6. d4 Qf6+ 7. Ke3 Ng6
8. Qf3 d6 9. Qxf6 Nxf6 10. Kf2 Ng4+ 11. Kg3 h5 12. Nd5 h4+ 13. Kf3 Kd8 14. h3 c6
15. hxg4 cxd5 16. exd5 f6 17. g3 Ne7 18. Rxh4 Rxh4 19. gxh4 Nxd5 20. c4 Nb4 21.
Bf4 Kc7 22. c5 Nc2 23. Rd1 Be6 24. d5 Bd7 25. Bxd6+ Kd8 26. Rd2 Nb4 27. c6 Nxd5
28. cxb7 1-0

[Event "AUTO-OPEN-2307"]
[Site "http://www.queenalice.com/game.php?id=916022"]
[Date "2011.3.22"]
[Round "1"]
[White "maurice91"]
[Black "karadeurso"]
[Result "0-1"]
[WhiteElo "1793"]
[BlackElo "1715"]

1. d4 d5 2. c4 e6 3. Nc3 Be7 4. c5 Nc6 5. Nf3 Nf6 6. Bf4 Bd7 7. h3 b6 8. cxb6
axb6 9. e3 Ne4 10. Be2 g5 11. Bh2 Nxc3 12. bxc3 Ra3 13. Qc2 Rxc3 14. Qb2 Ba3 15.
Qb1 Nb4 16. Bd1 Rc1 17. Qb3 Rxa1 18. O-O Rxa2 19. Ne5 Bb5 20. Re1 c5 21. dxc5
bxc5 22. Bh5 O-O 23. e4 dxe4 24. Ng4 Bb2 25. Be5 Bxe5 26. Nxe5 Qd2 27. Rf1 Bxf1
28. Bxf7+ Rxf7 29. Qxe6 Qxf2+ 0-1

[Event "AUTO-OPEN-2307"]
[Site "http://www.queenalice.com/game.php?id=916023"]
[Date "2011.3.22"]
[Round "1"]
[White "karadeurso"]
[Black "marcao"]
[Result "1-0"]
[WhiteElo "1591"]
[BlackElo "1729"]

1. e4 e5 2. Nf3 Nc6 3. Bb5 Nf6 4. O-O Bc5 5. Nxe5 Nxe5 6. d4 Nc6 7. dxc5 Nxe4 8.
Re1 f5 9. f3 O-O 10. fxe4 fxe4 11. Qd5+ Kh8 12. Bg5 Ne7 13. Qxe4 Rf7 14. Bxe7
Qe8 15. Bd3 g6 16. Bf6+ 1-0

[Event "AUTO-OPEN-2307"]
[Site "http://www.queenalice.com/game.php?id=916024"]
[Date "2011.3.22"]
[Round "1"]
[White "marcao"]
[Black "karadeurso"]
[Result "0-1"]
[WhiteElo "1712"]
[BlackElo "1758"]

1. d4 d5 2. Nf3 Nf6 3. Bf4 c5 4. e3 e6 5. Nc3 Bd7 6. Be5 Nc6 7. Bb5 Ne4 8. O-O
Nxc3 9. bxc3 Nxe5 10. Bxd7+ Nxd7 11. a3 Nf6 12. h3 Ne4 13. dxc5 Nxc3 14. Qd3 Ne4
15. Qd4 f6 16. Nd2 Nxc5 17. Rfb1 Kf7 18. Nf3 Bd6 19. a4 Qc7 20. a5 Be5 21. Nxe5+
fxe5 22. Qg4 Rhc8 23. Rd1 Ne4 24. Rdc1 Rab8 25. Qh5+ Kg8 26. a6 b5 27. Qe2 Rb6
28. Ra5 b4 29. Rb5 Nc3 30. Qd2 Rxb5 31. Ra1 Ra5 32. Re1 Ra2 33. Rc1 b3 34. Kh1
b2 0-1

[Event "AUTO-OPEN-2312"]
[Site "http://www.queenalice.com/game.php?id=917874"]
[Date "2011.3.26"]
[Round "1"]
[White "johndavidtelker"]
[Black "karadeurso"]
[Result "0-1"]
[WhiteElo "1728"]
[BlackElo "1613"]

1. e4 e5 2. Nf3 Nc6 3. Bb5 a6 4. Bxc6 dxc6 5. O-O f6 6. d4 Bg4 7. Qd3 Qd6 8. b3
exd4 9. Nxd4 c5 10. Nf5 Qxd3 11. cxd3 O-O-O 12. d4 cxd4 13. Bb2 Bxf5 14. exf5
Nh6 15. Nd2 Nxf5 16. Nf3 Bc5 17. Rac1 Bb6 18. Rfd1 Rhe8 19. g4 Nh6 20. h3 d3 21.
Kg2 Re2 22. Rf1 Rxb2 0-1

[Event "AUTO-OPEN-2312"]
[Site "http://www.queenalice.com/game.php?id=917875"]
[Date "2011.3.26"]
[Round "1"]
[White "karadeurso"]
[Black "johndavidtelker"]
[Result "1/2-1/2"]
[WhiteElo "1762"]
[BlackElo "1683"]

1. d4 Nf6 2. c4 g6 3. Nc3 Bg7 4. e4 d6 5. Nf3 O-O 6. Be2 a6 7. O-O Ne8 8. Bg5
Bg4 9. h3 Bxf3 10. Bxf3 f6 11. Be3 Nc6 12. Be2 e6 13. Qb3 Rb8 14. d5 exd5 15.
cxd5 Ne5 16. f4 Nd7 17. Ba7 Nc5 18. Qb4 Ra8 19. Bxc5 dxc5 20. Qxb7 Rb8 21. Qxa6
Qd6 22. b3 Rb6 23. Qc8 Qe7 24. Na4 Nd6 25. Qe6+ Qxe6 26. dxe6 Rb7 27. Nxc5 Ra7
28. b4 Re8 29. a3 c6 30. Rfd1 Nb5 31. Bxb5 cxb5 32. Rd7 Rxd7 33. exd7 1/2-1/2

[Event "AUTO-OPEN-2312"]
[Site "http://www.queenalice.com/game.php?id=917898"]
[Date "2011.3.26"]
[Round "1"]
[White "karadeurso"]
[Black "clovis"]
[Result "1-0"]
[WhiteElo "1634"]
[BlackElo "2073"]

1. d4 d5 2. Nc3 Nf6 3. Nf3 Bf5 4. Bf4 e6 5. Nh4 Bg6 6. e3 Be7 7. Bb5+ c6 8. Be2
Ne4 9. Nxg6 Nxc3 10. bxc3 hxg6 11. Rb1 b6 12. c4 Nd7 13. cxd5 cxd5 14. c4 Rc8
15. cxd5 exd5 16. Qb3 Nf6 17. Ba6 Rc7 18. Qa4+ Kf8 19. Bxc7 Qxc7 20. Ke2 Ne4 21.
Rbc1 Nc3+ 22. Kd3 1-0

[Event "AUTO-OPEN-2312"]
[Site "http://www.queenalice.com/game.php?id=917899"]
[Date "2011.3.26"]
[Round "1"]
[White "clovis"]
[Black "karadeurso"]
[Result "0-1"]
[WhiteElo "2034"]
[BlackElo "1664"]

1. e4 e5 2. Bc4 Nf6 3. Nc3 Nc6 4. Nf3 Nxe4 5. O-O Be7 6. Re1 Nxc3 7. dxc3 d6 8.
Ng5 Bxg5 9. Qh5 Qf6 10. Bxg5 Qg6 11. Qh4 h6 12. Bd2 Qxc2 13. Rad1 Be6 14. Bxe6
fxe6 15. Qg4 Qf5 16. Qxg7 O-O-O 17. Qg3 Rhg8 18. Qe3 d5 19. Qxh6 Rdf8 20. f4 Qg4
21. g3 Rh8 22. Qg5 Qf3 23. Qg6 Rxh2 0-1

[Event "AUTO-OPEN-2312"]
[Site "http://www.queenalice.com/game.php?id=917900"]
[Date "2011.3.26"]
[Round "1"]
[White "karadeurso"]
[Black "santhiago"]
[Result "1/2-1/2"]
[WhiteElo "1763"]
[BlackElo "1646"]

1. d4 d5 2. Nf3 c5 3. c4 Nf6 4. cxd5 Qxd5 5. Nc3 Qd8 6. Bf4 Nc6 7. d5 Nb4 8. e4
Bg4 9. a3 Na6 10. Qb3 b6 11. Bxa6 Nh5 12. Bb5+ Bd7 13. Ne5 Nf6 14. d6 e6 15. Bg5
h6 16. Bxf6 gxf6 17. Bxd7+ Qxd7 18. Nxd7 1/2-1/2

[Event "AUTO-OPEN-2312"]
[Site "http://www.queenalice.com/game.php?id=917901"]
[Date "2011.3.26"]
[Round "1"]
[White "santhiago"]
[Black "karadeurso"]
[Result "0-1"]
[WhiteElo "1565"]
[BlackElo "1772"]

1. d4 Nf6 2. Bg5 e6 3. e4 h6 4. Bxf6 Qxf6 5. e5 Qg6 6. Nf3 Nc6 7. Nh4 Qe4+ 8.
Qe2 Qxd4 9. Nc3 Qxh4 10. O-O-O Qf4+ 11. Kb1 Nxe5 12. Nb5 Kd8 13. Rd4 Qf6 14. Qd2
Bc5 15. Rf4 Qg5 16. h4 Qe7 17. Be2 f5 18. Qa5 Bb6 19. Qc3 d6 0-1